Statistics for African Physical Geography

Click here to take the quiz!

General Stats

  • This quiz has been taken 574 times
    (409 since last reset)
  • The average score is 22 of 34

Answer Stats

DescriptionAnswer% Correct
Longest riverNile
98%
Largest desert in the worldSahara
95%
Second longest riverCongo
94%
Fourth biggest island on earthMadagascar
94%
Three largest lakes by volumeVictoria
94%
Highest peak in continentMt. Kilimanjaro
92%
Canal dividing Egypt from the Sinai PeninsulaSuez Canal
90%
Sea separating Africa from ArabiaRed Sea
88%
River which feeds Lake Chad, cuts through NigeriaNiger
83%
Sea which ^ flows intoMediterranean
81%
Strait which separates Morocco from the Iberian PeninsulaStrait of Gibraltar
81%
Mountain range which stretches through southern Morocco/AlgeriaAtlas Mountains
80%
Cape which lies at the southwest extreme of the continentCape of Good Hope
80%
Desert in the South African interiorKalahari
79%
Island off the coast of TanzaniaZanzibar
78%
Second-highest peakMt. Kenya
75%
Nyasa
71%
Landmass that juts into the Arabian SeaHorn of Africa
70%
River that feeds Victoria Falls, fourth longest in continentZambezi
70%
Famous East African savanna known for its wide variety of animalsSerengeti
66%
Tanganyika
62%
River that forms South Africa's northern boundary and drains LesothoOrange River
57%
Valley in which these two peaks lieGreat Rift Valley
53%
Belt of shrubland and steppe to the south of ^Sahel
52%
Gold Coast
50%
Body of water which ^ empties intoGulf of Guinea
50%
Four regions in western Africa, named for prominent resourcesIvory Coast
49%
River that rises from the Kalahari through Zimbabwe to the Indian OceanLimpopo
30%
Slave Coast
29%
Passageway between ^ and the Indian OceanGulf of Aden
25%
Largest reservoir in the world, contained in GhanaLake Volta
22%
Grain Coast
9%
Geological formation in South Africa which includes the Drakensberg RangeGreat Escarpment
9%
Depression located west of the Nile Delta in the Libyan DesertQattara Depression
9%

Score Distribution

Percentile by Number Answered

Percent of People with Each Score

Your Score History

You have not taken this quiz since the last reset